000 01110njm a22002777a 4500
005 20100903140248.0
007 sd ammalaaahaa
008 100830t xxu||||| |||| 00| 0 hin d
028 _aN. 92598
_bHis Master's Voice
028 _aOJW. 3586
_bHis Master's Voice
028 _aOJW. 3585
_bHis Master's Voice
035 _aGR-495
040 _aSED/VEN
100 _917458
_aBisimillah Khan
245 _aInstrumental shenai-ahir bhairav part 1 /
_h[Sound recording] :
_cby Bisimillah Khan
246 _aइन्स्त्रुमेंतल शेने-अहीर भैरव (बिसिमिल्लाह खान)
260 _aDum Dum, India
_bHis Master's Voice
300 _a1 Sound disc [Gramophone Record] :
_banlog, 33 1/3 rpm
_c10 in (LP)
_fGramophone Records
500 _aBrief record
505 _aShahnai shud sarang (शहनाई-शुद्ध सारंग)
650 _aClassical Music
_91186
_zIndia
_xExcerpts
700 _917459
700 _918096
942 _2ddc
_cGR
999 _c43574
_d43574